000 02457cam a22004694i 4500
003 PE-LiUPU
005 20250731172907.0
008 s2004 miu rb 000 0 eng d
020 _a0801031036
020 _a9780801031038
035 _a(Sirsi) a166686
040 _aPE-LiUPU
_bspa
_cPE-LiUPU
_erda
049 _aPRUA
082 0 4 _a229.061
_bD37
_221
100 1 _aDe Silva, David A.,
_eautor.
245 1 0 _aIntroducing the Apocrypha :
_bmessage, context, and significance /
_cDavid A. deSilva.
264 1 _aGrand Rapids, Michigan :
_bBaker Academic,
_c2004.
300 _a428 páginas ;
_c24 centímetros
336 _atext
_2rdacontent
337 _aunmediated
_2rdamedia
338 _avolume
_2rdacarrier
504 _aBibliografía : páginas 381-395.
505 0 _a1. the value of the apocrypha -- 2. Historical context: "The yoke of the Gentiles" -- 3. Tobit: "Better is almsgiving with justice" -- 4. Judith: "hear me also, a widow" -- 5. Additions to Esther: "The aid of the all-seeing God and savior" -- 6. Wisdom of Solomon: "the righteous live forever" -- 7. Wisdom of Ben Sira: "in all wisdom there is the doing of the Torah" -- 8. Baruch: "return with tenfold zeal to God" -- 9. Letter of Jeremiah: "They are not Gods, so do not fear them" -- 10. Additions to Daniel: "Let them know that you alone are God" -- 11. 1 Maccabees: "the family through which deliverance was given" -- 12. 2 Maccabees: "there is some power of God about the place" -- 13. 1 Esdras: "leave to us a root and a name" -- 14. Prayer of Manasseh: "the God of those who repent" -- Psalm 151: "he made me shepherd of his flock" -- 3 Maccabees: "blessed be the deliverer of Israel" -- 17. 2 Esdras: "the mighty one has not forgotten" -- 18. 4 Maccabees: "noble is the contest".
526 _aSEG42
526 _aSEG41
526 _aSEG40
526 _aSEG39
526 _aP94
526 _aP87
526 _aP86
526 _aP85
526 _aP77
526 _aP76
526 _aP35
650 0 4 _aBiblia.
_pApócrifos
_xCrítica, interpretación,
650 0 4 _aLibros deuterocanónicos.
942 _2ddc
_cBOOK
994 _aC0
_bPEPRU
596 _a1
999 _a229.061 D37
_wLC
_c15421
_i75252
_d15421
_e2017-5-2
_f2021-11-9
_g5
_lCCODEBUL1
_mBUL
_n6
_p23.39
_q1
_r0
_sY
_tBOOK
_u2017-2-2
_xTEOLOGIA
_PP85
_0COMPRA
_o.STAFF. Colección Teología
980 _81
_gALBERTO SANCHEZ Responsable de Automatización